000 00985nam a2200325 i 4500
001 bg
003 KOSZ 005
005 20221229112036.0
008 011026s2001 pl e |000 0 pol
015 _aPB 2002/5915
020 _a8388555502
035 _a(OCoLC)749593491
040 _aWA N
_cKOSZ 005/HR
_dKOSZ 005/HR
041 0 _apol
080 _a32.019.5
080 _a(03)
100 1 _aMuszyński, Jerzy
_d(1930- )
_eAutor
245 1 0 _aLeksykon marketingu politycznego /
_cJerzy Muszyński.
260 _aWrocław :
_b"Atla 2",
_c2001.
300 _a246 s. ;
_c21 cm.
336 _2rdacontent
_aTekst
_btxt
337 _2rdamedia
_aBez urządzeniapośredniczącego
_bn
338 _2rdacarrier
_aWolumin
_bnc
380 _aKsiążki.
504 _aBibliogr.
655 4 _aEncyklopedia
650 4 _aMarketing polityczny
856 _uhttp://koha.tu.koszalin.pl/cgi-bin/koha/opac-detail.pl?biblionumber=40301
_yKatalog online BPK
942 _2UKD
_cKS
999 _c40301
_d40301